Atlas de oftalmología

Guardat en:
Dades bibliogràfiques
Autor principal: Hollwich, Fritz (Autor)
Format: Llibre
Idioma:espanyol
Publicat: Barcelona Salvat 1989
Edició:2a. ed
Matèries:
Etiquetes: Afegir etiqueta
Sense etiquetes, Sigues el primer a etiquetar aquest registre!

MARC

LEADER 00000nam a2200000 a 4500
001 UCO9007
003 CL-VaPUC
008 010119e19890000SP |||||||||||||||||spa|d
082 0 4 |a 617.703  |b HOL  |2 21 
100 0 |a Hollwich, Fritz  |e author  |9 454067 
245 1 0 |a Atlas de oftalmología 
250 |a 2a. ed 
300 |a 183 p 
942 |c BK 
945 |d 20010119 00:00:00  |a vberengu 
260 |a Barcelona  |b Salvat  |c 1989 
650 0 |a Defectos visuales  |9 341018 
650 0 |a Enfermedades oculares  |9 431653 
650 0 |a Oftalmología   |9 343851 
650 0 |a Ojo  |9 336729 
650 7 |a SISTEMAS SENSORIALES  |2 CL-VaPUC  |9 454068 
650 0 |a Vista  |9 265397 
583 |a last modification  |c 20010119 00:00:00  |k Rodrigo Vera 
999 |c 293417  |d 293415 
952 |0 0  |1 0  |4 0  |6 617_703000000000000_HOL_1989  |7 0  |8 X  |9 344923  |a BIBCUR  |b BIBCUR  |d 2019-11-20  |i 3682048  |o 617.703 HOL 1989  |p 3682048  |r 2025-04-22  |w 2019-11-20  |y BK_X  |k TEM